书目信息 |
| 题名: |
在电视上看书
|
|
| 作者: | 中央电视台《读书时间》栏目组 编 | |
| 分册: | ||
| 出版信息: | 北京 现代出版社 1999.01 |
|
| 页数: | 485页 | |
| 开本: | 32开 | |
| 丛书名: | ||
| 单 册: | ||
| 中图分类: | G256.4 | |
| 科图分类: | ||
| 主题词: | 书评 | |
| 电子资源: | ||
| ISBN: | 7-80028-449-2 | |
| 000 | 00611nam0 2200193 45 | |
| 001 | 0106111708 | |
| 005 | 20031219104050.5 | |
| 010 | @a7-80028-449-2@dCNY28.00 | |
| 100 | @a20010611d1999 km y0chiy0120 ea | |
| 101 | 0 | @achi |
| 105 | @a z 000yy | |
| 200 | 1 | @a在电视上看书@AZai Dian Shi Shang Kan Shu@f中央电视台《读书时间》栏目组编@FZhong Yang Dian Shi Tai《Du Shu Shi Jian》Lan Mu Zu Bian |
| 210 | @a北京@c现代出版社@d1999.01 | |
| 215 | @a485页@d32开 | |
| 606 | 0 | @a书评 |
| 690 | @aG256.4@v4 | |
| 701 | @a中央电视台《读书时间》栏目组@4编 | |
| 801 | @aCN@bTSTC@c20010611 | |
| 905 | @f5@b298381-385@dG256.4@e47 | |
| 在电视上看书/中央电视台《读书时间》栏目组编.-北京:现代出版社,1999.01 |
| 485页;32开 |
| ISBN 7-80028-449-2:CNY28.00 |
| ● |
| 相关链接 |
|
|
|
|
正题名:在电视上看书
索取号:G256.4/47
 
预约/预借
| 序号 | 登录号 | 条形码 | 馆藏地/架位号 | 状态 | 备注 |
| 1 | 0298381 | 202983815 | 密集书库/ [索取号:G256.4/47] | 在馆 | |
| 2 | 0298382 | 202983824 | 密集书库/ [索取号:G256.4/47] | 在馆 | |
| 3 | 0298383 | 202983833 | 密集书库/ [索取号:G256.4/47] | 在馆 | |
| 4 | 0298384 | 202983842 | 密集书库/ [索取号:G256.4/47] | 在馆 | |
| 5 | 0298385 | 202983851 | 第一样本阅览室/ [索取号:G256.4/47] | 在馆 |